000 00668nam a2200241Ia 4500
003 OSt
005 20220918173334.0
006 a|||||r|||| 00| 0
007 ta
008 220917b |||||||| |||| 00| 0 eng d
024 _a6,149
037 _cTextual
040 _aARTS
_cARTS
_beng
041 _2eng
_aeng
082 _a2:55, M4 (2D)
100 _aChapman Liz
_945793
245 0 _aHow to catalogue
_b A practical handbook using AACR2 and library of congress
260 _aLondon
_bClive Bingley
_c1984
300 _a89p.
_ccm.
650 _aLIBRARY SCIENCE
942 _h2:55, M4 (2D)
_cTEXL
_2CC
999 _c148138
_d148138